| 000 | 00451nam a22001337a 4500 | ||
|---|---|---|---|
| 999 |
_c6923 _d6923 |
||
| 008 | 200406b ||||| |||| 00| 0 eng d | ||
| 082 | _a310.212 NAT | ||
| 100 | _aNatinal Bureau of Statistics | ||
| 245 |
_aInput-output table of Tanzania for 1992 _cNational Bureau of Statistics _hEnglish |
||
| 260 |
_aDar Es Salaam _bNational Bureau of Statistics _c1992 |
||
| 300 |
_a155p. _bIllustration _c27cm |
||
| 650 | _2Statics for Development | ||
| 942 |
_2ddc _cBOOKS |
||